OPAC Home

ජර්මන් වයිර ප්‍රාර්ථනාව සහ ඊට පිළිතුරු (Record no. 88165)

MARC details
000 -LEADER
fixed length control field 00532nam a2200169Ia 4500
003 - CONTROL NUMBER IDENTIFIER
control field LK-CoDNM
008 - FIXED-LENGTH DATA ELEMENTS--GENERAL INFORMATION
fixed length control field 010623t1914 xxu||||| |||| 00| 1 sin d
040 ## - CATALOGING SOURCE
Original cataloging agency LK-CoDNM
Modifying agency LK-CoDNM
Description conventions LK-CoDNM
041 ## - LANGUAGE CODE
Language code of text/sound track or separate title Sinhala; Sinhalese
080 ## - UNIVERSAL DECIMAL CLASSIFICATION NUMBER
Universal Decimal Classification number 104 B 12
942 ## - ADDED ENTRY ELEMENTS (KOHA)
Koha item type Books
100 ## - MAIN ENTRY--PERSONAL NAME
Personal name Aleksender,S
245 ## - TITLE STATEMENT
Title ජර්මන් වයිර ප්‍රාර්ථනාව සහ ඊට පිළිතුරු
246 ## - VARYING FORM OF TITLE
Title proper/short title Chant of German Hatred against England and its reply
260 ## - PUBLICATION, DISTRIBUTION, ETC. (IMPRINT)
Name of publisher, distributor, etc. Vidya Sagara
Place of publication, distribution, etc. Colombo
Date of publication, distribution, etc. 1914
300 ## - PHYSICAL DESCRIPTION
Other physical details 6p, 21 cm
Holdings
Withdrawn status Lost status Damaged status Not for loan Collection code Permanent Location Current Location Date acquired Full call number Barcode Koha item type
    Damaged   Monographs Library National Museum Colombo - Sri Lanka Library National Museum Colombo - Sri Lanka 2023-08-02 104 B 12 OB739 50 Books
Copyright © 2023 Department of National Museum, Colombo 07, Sri Lanka Funded by UNESCO IFAP UNESCO